| 000 | 00599nam a22001937a 4500 | ||
|---|---|---|---|
| 005 | 20251108164211.0 | ||
| 008 | 250721s1990 xx 000 0 ara d | ||
| 082 | 1 | 4 | _a343.0962/عبد |
| 100 | 1 | _aالشواربي، عبد الحميد | |
| 245 | 1 | 0 | _aجرائم الأسلحه و الذخائر في ضوء القضاء و الفقه / |
| 264 |
_bالمكتب العربي الحديث، _c1990. |
||
| 300 | _a97ص | ||
| 650 | 1 | 7 | _aالقانون الجنائي |
| 650 | 1 | 7 | _aقانون العقوبات |
| 650 | 1 | 7 | _aالجريمة |
| 650 | 1 | 7 | _aمصر |
| 942 |
_2ddc _cBK |
||
| 999 |
_c6200 _d6200 |
||